000 00431nam a2200157Ia 4500
008 230917s9999||||xx |||||||||||||| ||und||
020 _cPON27.5
040 _e12388
_aMAIN
041 _aEnglish
082 _a301.4443 B651A
100 _aBose, Sugata
245 0 _aAgraian Bengal: economy, social structure and politics, 1919-1947
260 _aCambridge
_bCambridge University Press
_c1986
300 _axv,293 p.
942 _cBK
999 _c57709
_d57709